00725 2200253 4500001002100000005001700021008004100038020002200079035002500101040001200126082001600138084002000154100001700174245010400191250001100295260003300306300003200339650001400371700002000385850001200405990001800417990001800435990001800453INLIS00000000001192420150904143830.0  a978-602-978-776-4 a0010-091500000000437 aYOPDYOG 223a297.122 aK 297.122 Ati A aATIQAH Hamid aAshalub: Cara prkatis lebih gampang bisa membaca al-quranc/ Atiqah Hamid; Editor, Gabrielle Malik aCet. 1 aJogjakartabDiva Pressc2011 a105 hlm.b: ilus.c; 23 cm. aAl-Qur'an aGABRIELLE Malik aYOPDYOG a50140-PD/A.15 a50141-PD/A.15 a50142-PD/A.15